Fundamentals of Financial Management. (Record no. 3278)

MARC details
005 - DATE AND TIME OF LATEST TRANSACTION
control field 20250606082711.0
020 ## - INTERNATIONAL STANDARD BOOK NUMBER
International Standard Book Number 0-324-25872-0
082 ## - DEWEY DECIMAL CLASSIFICATION NUMBER
Classification number TEA LECT 658.15 BRI
100 ## - MAIN ENTRY--PERSONAL NAME
Author name BRIGHAM, E. F.
245 ## - TITLE STATEMENT
Title Fundamentals of Financial Management.
250 ## - EDITION STATEMENT
Edition statement 4th Ed
260 ## - PUBLICATION, DISTRIBUTION, ETC.
Place of publication, distribution, etc. Australia,
Name of publisher, distributor, etc. Thomson,
Date of publication, distribution, etc. 2004.
300 ## - PHYSICAL DESCRIPTION
Extent xxxi, 727p.: ill.; figure, picture, table
Other physical details Index
Dimensions 26cm.
700 ## - ADDED ENTRY--PERSONAL NAME
Other authors/Editors HOUSTON, J. L.
856 ## - ELECTRONIC LOCATION AND ACCESS
Link text Access Online Book
Electronic name Financial
Path htt://www.swcollege.com
942 ## - ADDED ENTRY ELEMENTS (KOHA)
Source of classification or shelving scheme Dewey Decimal Classification
Koha item type Books
Holdings
Date last seen Total checkouts Full call number Barcode Cost, replacement price Price effective from Koha item type Lost status Source of classification or shelving scheme Damaged status Not for loan Withdrawn status Home library Current library Shelving location Date acquired Cost, normal purchase price
06/06/2025   TEA LECT 658.15 BRI 00000011227 684570.00 06/06/2025 Books   Dewey Decimal Classification       College of Business Education Main Library College of Business Education Main Library General Collection 04/22/2005 228190.00
06/06/2025   TEA LECT 658.15 BRI 00000011228 684570.00 06/06/2025 Books   Dewey Decimal Classification       College of Business Education Main Library College of Business Education Main Library General Collection 04/22/2005 228190.00
06/06/2025   TEA LECT 658.15 BRI 00000011229 684570.00 06/06/2025 Books   Dewey Decimal Classification       College of Business Education Main Library College of Business Education Main Library General Collection 04/22/2005 228190.00